Enhancing the Role of Insurance in Cyber Risk Management
Ebook from OECD
Gespeichert in:
| Weitere Verfasser: | |
|---|---|
| Format: | Buch |
| Sprache: | Undetermined |
| Veröffentlicht: |
OECD
2017
|
| Schlagworte: | |
| Online Zugang: | http://lrc.tdmu.edu.vn/opac/search/detail.asp?aID=2&ID=40100 |
| Tags: |
Tag hinzufügen
Keine Tags, Fügen Sie den ersten Tag hinzu!
|
| Thư viện lưu trữ: | Trung tâm Học liệu Trường Đại học Thủ Dầu Một |
|---|
| LEADER | 00666nam a2200181Ia 4500 | ||
|---|---|---|---|
| 001 | TDMU_40100 | ||
| 008 | 210410s9999 xx 000 0 und d | ||
| 082 | |a 616.8914 | ||
| 245 | 0 | |a Enhancing the Role of Insurance in Cyber Risk Management | |
| 245 | 0 | |c OECD | |
| 260 | |b OECD | ||
| 260 | |c 2017 | ||
| 300 | |a 140tr | ||
| 520 | |a Ebook from OECD | ||
| 650 | |a Insurance |x Cyber Risk Management; Cyber Risk Management (Insurance); Bảo hiểm an ninh mạng; Bảo hiểmxRủi ro mạng |x Quản lý | ||
| 700 | |a OECD | ||
| 856 | |u http://lrc.tdmu.edu.vn/opac/search/detail.asp?aID=2&ID=40100 | ||
| 980 | |a Trung tâm Học liệu Trường Đại học Thủ Dầu Một | ||